Welcome to CU Library Online Public Access Catalogue (OPAC)

Reviewing leadership : (Record no. 6098)

MARC details
000 -LEADER
fixed length control field 00790cam a22002174a 4500
001 - CONTROL NUMBER
control field 13411367
005 - DATE AND TIME OF LATEST TRANSACTION
control field 20250531121221.0
008 - FIXED-LENGTH DATA ELEMENTS--GENERAL INFORMATION
fixed length control field 031121s2004 miu b 001 0 eng
020 ## - INTERNATIONAL STANDARD BOOK NUMBER
International Standard Book Number 0801026903 (pbk.)
050 00 - LIBRARY OF CONGRESS CALL NUMBER
Classification number BV4597.53.L43
Item number B36 2004
082 00 - DEWEY DECIMAL CLASSIFICATION NUMBER
Classification number 253
Edition information 22
100 1# - MAIN ENTRY--PERSONAL NAME
Personal name Banks, Robert,
Dates associated with a name 1939-
245 10 - TITLE STATEMENT
Title Reviewing leadership :
Remainder of title a Christian evaluation of current approaches /
Statement of responsibility, etc. Robert Banks and Bernice M. Ledbetter ; foreword by Max De Pree.
260 ## - PUBLICATION, DISTRIBUTION, ETC.
Place of publication, distribution, etc. Grand Rapids, Mich. :
Name of publisher, distributor, etc. Baker Academic,
Date of publication, distribution, etc. c2004.
300 ## - PHYSICAL DESCRIPTION
Extent 171 p. ;
Dimensions 23 cm.
440 #0 - SERIES STATEMENT/ADDED ENTRY--TITLE
Title Engaging culture
650 #0 - SUBJECT ADDED ENTRY--TOPICAL TERM
Topical term or geographic name entry element Leadership
General subdivision Religious aspects
-- Christianity.
700 1# - ADDED ENTRY--PERSONAL NAME
Personal name Ledbetter, Bernice M.
856 41 - ELECTRONIC LOCATION AND ACCESS
Materials specified Table of contents
Uniform Resource Identifier <a href="http://www.loc.gov/catdir/toc/ecip0411/2003025534.html">http://www.loc.gov/catdir/toc/ecip0411/2003025534.html</a>
942 ## - ADDED ENTRY ELEMENTS (KOHA)
Source of classification or shelving scheme Library of Congress Classification
Koha item type Books
Suppress in OPAC No
999 ## -
-- 6098
-- 6098
Holdings
Withdrawn status Lost status Source of classification or shelving scheme Damaged status Not for loan Collection Home library Current library Shelving location Date acquired Total checkouts Full call number Barcode Date last seen Copy number Price effective from Koha item type
    Library of Congress Classification     Non-fiction Undergraduate Library (Christ Temple) Undergraduate Library (Christ Temple) General stacks 05/31/2025   BV4597.53 BAN ulct00002793 05/31/2025 1 05/31/2025 Books
© 2023-2024 Copyright: Central University Libraries. All Rights Reserved | Created by: Mahone Tech Office